| 000 | 00927cam a2200241 a 4500 | ||
|---|---|---|---|
| 001 | 2591717 | ||
| 005 | 20250602173332.0 | ||
| 008 | 961008s1996 ilua b 000 0 eng | ||
| 020 | _a0802409342 | ||
| 050 | 0 | 0 |
_aBV652 _b.P65 1996 |
| 082 | 0 | 0 |
_a254 _221 |
| 100 | 1 | _aPollock, David R. | |
| 245 | 1 | 0 |
_aBusiness management in the local church / _cDavid R. Pollock ; foreword by Larry Burkett. |
| 250 | _aMoody Press rev. & expanded ed. | ||
| 260 |
_aChicago : _bMoody Press, _c1996. |
||
| 300 |
_a221 p. : _bill. ; _c28 cm. |
||
| 650 | 0 | _aChurch management. | |
| 650 | 0 | _aChurch finance. | |
| 856 | 4 | 2 |
_3Publisher description _uhttp://www.loc.gov/catdir/enhancements/fy0609/96207201-d.html |
| 856 | 4 | 2 |
_3Contributor biographical information _uhttp://www.loc.gov/catdir/enhancements/fy1311/96207201-b.html |
| 856 | 4 | 1 |
_3Table of contents only _uhttp://www.loc.gov/catdir/enhancements/fy1311/96207201-t.html |
| 942 |
_2lcc _cBK _n0 |
||
| 999 |
_c6166 _d6166 |
||